Monetary union in the US

Saved in:
Bibliographic Details
Main Author: Brinčíková, Zuzana, 1979-
Format: Book Chapter
Language:English
Tags: Add Tag
No Tags, Be the first to tag this record!

MARC

LEADER 00000naa$a2200000$$$4500
001 0063729
005 20240502071735.0
041 0 |a eng 
044 |a SK 
245 1 0 |a Monetary union in the US  |c Zuzana Brinčíková 
100 1 |a Brinčíková, Zuzana, 1979-